Принципи адвокатської діяльності (Запис № 458718)
[ простий вигляд ]
| 000 -Лідер | |
|---|---|
| fixed length control field | 03657nam a22002657a 4500 |
| 001 - Контрольний номер | |
| control field | 5150453 |
| 003 - Ідентифікатор контрольного номера | |
| control field | UA-OsUOA |
| 005 - Дата та час останнього входження (трансакції) | |
| control field | 20201109124005.0 |
| 008 - Елементи даних фіксованої довжини – загальна інформація | |
| fixed length control field | 200403b un ||||| m||| 00| 0 ukr d |
| 040 ## - Джерело каталогізації | |
| Агенція оригінальної каталогізації | UA-OsUOA |
| Мова каталогізації | ukr |
| Агенція, яка здійснювала перезапис | UA-OsUOA |
| Агенція, яка здійснювала модифікацію | UA-OsUOA |
| 041 ## - Код мови | |
| Код мови тексту/ звукової доріжки чи окремого заголовка (П) | ukr |
| 080 ## - Індекс Універсальної десяткової класифікації | |
| Індекс Універсальної десяткової класифікації (УДК) (НП) | 343.85(043.3) |
| 090 ## - Локальний шифр розміщення | |
| Класифікаційний індекс УДК | 343.85(043.3) |
| 095 ## - Код спеціальності для авторефератів | |
| Код спеціальності | 12.00.10 |
| Назва спеціальності | судоустрій; прокуратура та адвокатура |
| 100 ## - Основне введення – ім’я особи | |
| Ім’я особи (НП) | Северин К. М. |
| 245 ## - Відомості про назву | |
| Назва (НП) | Принципи адвокатської діяльності |
| Дані про відповідальність (НП) | Северин Костянтин Миколайович ; наук. керівник Колб Олександр Григорович |
| 260 ## - Публікація, розповсюдження і т.п. (Вихідні дані) | |
| Місце публікації, розповсюдження і т.п. (П) | Київ |
| Дата публікації, розповсюдження і т.п. (П) | 2015 |
| 300 ## - Фізичний опис | |
| Обсяг | 18 с. |
| 502 ## - Примітка про дисертацію | |
| Зв'язок | Автореферат дисертації на здобуття наукового ступеня кандидата юридичних наук<br/> |
| Наймення інституції, що представляється | Академія адвокатури України |
| Рік отримання вченого ступеня | 2015 |
| 520 ## - Резюме і т.п. | |
| Резюме, реферат, анотація, тощо (НП) | Принципи адвокатської діяльності були предметом наукових досліджень як у так звану радянську добу, так і в часи незалежності. Із прийняттям Закону України "Про адвокатуру та адвокатську діяльність" їх зміст і практична спрямованість набули особливої актуальності. Доведено, що вкрай важливим є вирішення тих завдань, що відображають зміст предмета представленого дослідження та пов’язані із: а) теоретико-правовими основами діяльності адвокатури як інституту громадянського суспільства; б) становленням і розвитком принципів адвокатської діяльності; в) поняттям системи принципів такої діяльності; г) співвідношенням принципів адвокатської діяльності з іншими видами галузевих принципів права; ґ) характеристикою основних принципів адвокатської діяльності.<br/>Вирішення їх по суті має не тільки теоретичне значення, а й практичну спрямованість — створює належні процедури з нейтралізації, блокування, ліквідації, причин, що породжують і обумовлюють прорахунки в адвокатській діяльності, а також щодо удосконалення правового механізму реалізації визначених у законі принципів функціонування адвокатури України.<br/>Науково обґрунтовано необхідність доповнення системи принципів адвокатської діяльності в Україні принципом професійності та принципом відповідальності, а також надано їм авторського визначення. |
| 650 ## - Додаткове предметне введення – тематичний термін | |
| Джерело заголовка чи терміна | UDC |
| Тематичний термін чи географічна назва, як елемент введення (НП) | 343 Кримінальне право. Карні порушення |
| 942 ## - Додаткові елементи входу (Коха) | |
| Source of classification or shelving scheme | Universal Decimal Classification |
| Тип елемента Koha | Автореферат |
| 955 ## - Код типу видання за змістом | |
| Код типу видання за змістом (НП) | Наукові видання |
Немає доступних примірників.